Time Saver Standards For Housing And Residential Development (Record no. 369106)
[ view plain ]
| 000 -LEADER | |
|---|---|
| fixed length control field | 00501 a2200181 4500 |
| 005 - DATE AND TIME OF LATEST TRANSACTION | |
| control field | 20251118144322.0 |
| 008 - FIXED-LENGTH DATA ELEMENTS--GENERAL INFORMATION | |
| fixed length control field | 251118b |||||||| |||| 00| 0 eng d |
| 020 ## - INTERNATIONAL STANDARD BOOK NUMBER | |
| International Standard Book Number | 9780070682627 |
| 082 ## - DEWEY DECIMAL CLASSIFICATION NUMBER | |
| Classification number | 720.63/CHA |
| 100 ## - MAIN ENTRY--PERSONAL NAME | |
| Author | Chiara J D |
| 245 ## - TITLE STATEMENT | |
| Title | Time Saver Standards For Housing And Residential Development |
| 250 ## - EDITION STATEMENT | |
| Edition statement | 2nd Ed. |
| 260 ## - PUBLICATION, DISTRIBUTION, ETC. | |
| Name of publisher, distributor, etc. | McGraHill |
| Date of publication, distribution, etc. | 2014 |
| Place of publication, distribution, etc. | Chennai |
| 300 ## - PHYSICAL DESCRIPTION | |
| Extent | 1114p |
| Other physical details | HB |
| 500 ## - GENERAL NOTE | |
| Keywords | Architectural Standards |
| 700 ## - ADDED ENTRY--PERSONAL NAME | |
| Personal name | Panero J |
| -- | Zelnik M |
| 942 ## - ADDED ENTRY ELEMENTS (KOHA) | |
| Koha item type | Books |
| Withdrawn status | Lost status | Source of classification or shelving scheme | Damaged status | Not for loan | Home library | Current library | Date acquired | Vendor | Net Price | Total Checkouts | Full call number | Barcode | Date last seen | Actual Price | Bill Date | Koha item type |
|---|---|---|---|---|---|---|---|---|---|---|---|---|---|---|---|---|
| Dewey Decimal Classification | Dr. Bhanuben Nanavati College of Architecture | Dr. Bhanuben Nanavati College of Architecture | 18/11/2025 | 170 | 2408.27 | 720.63/CHA | BNCA-BK-13392 | 18/11/2025 | 3299.00 | 18/11/2025 | Books |